Единые нормы времени на строительство, передвижку и разборку буровых и эксплуатационных вышек, деревянных и металлических конструкций, сборку и разборку мачт типа Эклипс, ремонтные работы и заготовку деталей деревянной буровой вышки высотой 37, 3 м

Podrobná bibliografie
Další autoři: Катраев П. М. (редактор)
Shrnutí:Разработаны Всесоюзной нормативно-исследовательской станцией Главнефтедобычи и рассмотрены Всесоюзным совещанием по нормированию 26 января - 1 февраля 1939 г.
Jazyk:ruština
Vydáno: Москва, 1939
Témata:
Médium: MixedMaterials Kniha
KOHA link:https://koha.lib.tpu.ru/cgi-bin/koha/opac-detail.pl?biblionumber=169506

MARC

LEADER 00000nam0a2200000 4500
001 169506
005 20231031163437.0
035 |a (RuTPU)RU\TPU\book\183866 
090 |a 169506 
100 |a 20091113d1939 m y0rusy50 ca 
101 0 |a rus 
102 |a RU 
105 |a a z 000zy 
200 1 |a Единые нормы времени на строительство, передвижку и разборку буровых и эксплуатационных вышек, деревянных и металлических конструкций, сборку и разборку мачт типа Эклипс, ремонтные работы и заготовку деталей деревянной буровой вышки высотой 37, 3 м  |f под ред. П. М. Катраева 
210 |a Москва  |d  1939 
215 |a 140 с.  |c ил. 
300 |a Разработаны Всесоюзной нормативно-исследовательской станцией Главнефтедобычи и рассмотрены Всесоюзным совещанием по нормированию 26 января - 1 февраля 1939 г. 
610 1 |a горное дело 
610 1 |a буровые вышки 
610 1 |a эксплуатация 
610 1 |a деревянные конструкции 
610 1 |a металлические конструкции 
610 1 |a мачты 
610 1 |a сборка 
610 1 |a разборка 
610 1 |a ремонтные работы 
675 |a 622.242.32  |v 3 
702 1 |a Катраев  |b П. М.  |4 340 
801 1 |a RU  |b 63413507  |c 20091113 
801 2 |a RU  |b 63413507  |c 20111205  |g RCR 
942 |c BK